000 00337nmm a2200145 a 4500
003 AR-BaBNM
005 20251128203121.0
008 223119s1921 ||||||||||||||000 | spa||
040 _cAR-BaBNM
100 1 _aRouquette, Augusto
245 1 0 _aElementos de higiene
260 _aBuenos Aires
_bCabaut
_c1921
942 _cBK
998 _cRhizi
999 _c1980
_d1980